ბათუმის შოთა რუსთაველის სახელმწიფო უნივერსიტეტის ბიბლიოთეკა

Develop Your Soft Skills for Success as a Consultant / (ბიბ.ჩანაწერი № 62542)

000 -LEADER
fixed length control field 00573nam a22001817a 4500
005 - DATE AND TIME OF LATEST TRANSACTION
control field 20241203122416.0
008 - FIXED-LENGTH DATA ELEMENTS--GENERAL INFORMATION
fixed length control field 241203s2012 enk||||| |||| 00| 0 eng d
020 ## - INTERNATIONAL STANDARD BOOK NUMBER
International Standard Book Number 9780615676753x
041 ## - LANGUAGE CODE
Language code of text/sound track or separate title eng
080 ## - UNIVERSAL DECIMAL CLASSIFICATION NUMBER
Universal Decimal Classification number 005 W-96
100 ## - MAIN ENTRY--PERSONAL NAME
Personal name Wynn, Don
9 (RLIN) 23849
245 ## - TITLE STATEMENT
Title Develop Your Soft Skills for Success as a Consultant /
Statement of responsibility, etc. Don Wynn.
264 ## - PRODUCTION, PUBLICATION, DISTRIBUTION, MANUFACTURE, AND COPYRIGHT NOTICE
Place of production, publication, distribution, manufacture Florida :
Name of producer, publisher, distributor, manufacturer The Brass Tree,
Date of production, publication, distribution, manufacture, or copyright notice 2012.
300 ## - PHYSICAL DESCRIPTION
Extent 174 p.:
Other physical details ill.;
Dimensions 22 cm.
653 ## - INDEX TERM--UNCONTROLLED
keyword მენეჯმენტი
653 ## - INDEX TERM--UNCONTROLLED
keyword წარმატების მიღწევა
942 ## - ADDED ENTRY ELEMENTS (KOHA)
Source of classification or shelving scheme
Koha item type წიგნი
ეგზემპლარები
Withdrawn status Lost status Source of classification or shelving scheme Damaged status Not for loan Permanent Location Current Location Shelving location Date acquired Cost, normal purchase price Full call number Barcode Date last seen Copy number Price effective from Koha item type Public note
          ბათუმის შოთა რუსთაველის სახელმწიფო უნივერსიტეტის მთავარი ბიბლიოთეკა ბათუმის შოთა რუსთაველის სახელმწიფო უნივერსიტეტის მთავარი ბიბლიოთეკა წიგნსაცავი 2024-12-03 31.00 005 W-96 69899 2024-12-03 69899 2024-12-03 წიგნი 31 ლ.